[Event "35. Open Internacional Vila de Sitges"]
[Site "Sitges ESP"]
[Date "2009.07.22"]
[Round "1.1"]
[White "Catarineu Navines, Federico"]
[Black "Solodovnichenko, Yuri"]
[Result "0-1"]
[WhiteElo "2023"]
[BlackElo "2596"]
[PlyCount "40"]
[EventDate "2009.07.22"]
[EventType "swiss"]
[EventRounds "9"]
[EventCountry "ESP"]
[Source "lmi"]
[SourceDate "2009.07.22"]

1. e4 g6 2. d4 Bg7 3. Nf3 d6 4. Bc4 Nf6 5. Nc3 O-O 6. Bb3 Nc6 7. O-O Bg4 8. Be3
e5 9. d5 Nd4 10. Bxd4 exd4 11. Qxd4 Bxf3 12. gxf3 Nh5 13. Qe3 Be5 14. Ne2 Qh4
15. Ng3 f5 16. Qd2 Qh3 17. Kh1 Bxg3 18. fxg3 Nxg3+ 19. Kg1 Nxf1 20. Rxf1 fxe4
0-1

[Event "35. Open Internacional Vila de Sitges"]
[Site "Sitges ESP"]
[Date "2009.07.22"]
[Round "1.2"]
[White "Moskalenko, Viktor"]
[Black "Nadal Garcia, Lluis"]
[Result "1-0"]
[WhiteElo "2558"]
[BlackElo "2021"]
[PlyCount "97"]
[EventDate "2009.07.22"]
[EventType "swiss"]
[EventRounds "9"]
[EventCountry "ESP"]
[Source "lmi"]
[SourceDate "2009.07.22"]

1. d4 d5 2. c4 e6 3. Nc3 f5 4. Bf4 Bd6 5. Bxd6 Qxd6 6. e3 c6 7. Bd3 Nf6 8. Nf3
O-O 9. O-O Ne4 10. Ne5 Nd7 11. f4 Nxc3 12. bxc3 Nxe5 13. fxe5 Qa3 14. Qc2 b6
15. Qb3 Qa5 16. cxd5 cxd5 17. a4 Ba6 18. Bb5 Rac8 19. Ra3 Rc7 20. g3 Rfc8 21.
Rc1 h6 22. Kf2 Kh8 23. Ke1 Kh7 24. Kd2 Kh8 25. Qb2 Kh7 26. Rb1 Kg8 27. Bxa6
Qxa6 28. a5 bxa5 29. Qb5 Rc6 30. Qxa6 Rxa6 31. Kd3 Rc4 32. g4 g6 33. Rb8+ Kg7
34. Rb7+ Kg8 35. gxf5 gxf5 36. Ra1 Rac6 37. Rg1+ Kf8 38. Rgg7 Rxc3+ 39. Ke2 Rb6
40. Rbf7+ Ke8 41. Rxa7 Rb2+ 42. Kf3 Kf8 43. Rh7 Kg8 44. Rhe7 Rc8 45. Rxe6 Rxh2
46. Rg6+ Kh8 47. e6 Rg8 48. Rxg8+ Kxg8 49. Ra8+ 1-0

[Event "35. Open Internacional Vila de Sitges"]
[Site "Sitges ESP"]
[Date "2009.07.22"]
[Round "1.3"]
[White "Chalmeta Torredemer, Enric"]
[Black "Arun, Prasad S"]
[Result "1/2-1/2"]
[WhiteElo "2015"]
[BlackElo "2556"]
[PlyCount "108"]
[EventDate "2009.07.22"]
[EventType "swiss"]
[EventRounds "9"]
[EventCountry "ESP"]
[Source "lmi"]
[SourceDate "2009.07.22"]

1. e4 c5 2. Nc3 d6 3. g3 Nc6 4. Bg2 g6 5. d3 Bg7 6. Be3 e5 7. Qd2 Nd4 8. Nce2
Ne7 9. c3 h6 10. f4 exf4 11. Nxf4 Ndc6 12. Nf3 O-O 13. O-O Kh7 14. d4 cxd4 15.
Nxd4 Ne5 16. Rad1 Nc4 17. Qe2 Nxe3 18. Qxe3 Qb6 19. Qf2 Bd7 20. Rd2 Rad8 21.
Rfd1 Bg4 22. Nf3 Qa6 23. a3 g5 24. Nd5 Nxd5 25. Rxd5 Be6 26. R5d2 Bb3 27. Rf1
f5 28. Nd4 Bc4 29. Rfd1 f4 30. g4 Bxd4 31. Rxd4 Be2 32. Bf1 f3 33. R1d2 Bxf1
34. Qxf1 Qb6 35. Qd3 Kg7 36. Rf2 a5 37. b4 axb4 38. Rxb4 Qa7 39. Qd4+ Qxd4 40.
cxd4 Rd7 41. h3 Rf4 42. Kh2 Rxe4 43. Rxf3 Kg6 44. Kg3 h5 45. gxh5+ Kxh5 46.
Rfb3 Kg6 47. Rxb7 Rxb7 48. Rxb7 Rxd4 49. Rd7 Kf5 50. a4 Rd3+ 51. Kg2 Kf4 52.
Rf7+ Ke5 53. Rg7 Kf6 54. Rd7 Ke6 1/2-1/2

[Event "35. Open Internacional Vila de Sitges"]
[Site "Sitges ESP"]
[Date "2009.07.22"]
[Round "1.5"]
[White "Cunill Ros, Sebastia"]
[Black "Almeida Quintana, Omar"]
[Result "0-1"]
[WhiteElo "2009"]
[BlackElo "2524"]
[PlyCount "68"]
[EventDate "2009.07.22"]
[EventType "swiss"]
[EventRounds "9"]
[EventCountry "ESP"]
[Source "lmi"]
[SourceDate "2009.07.22"]

1. d4 Nf6 2. c4 c5 3. d5 e6 4. dxe6 fxe6 5. e4 Nxe4 6. Qh5+ g6 7. Qe5 Nf6 8.
Bg5 Be7 9. Nd2 Nc6 10. Qc3 O-O 11. Ngf3 Qa5 12. Qxa5 Nxa5 13. h4 Nc6 14. O-O-O
d5 15. Re1 Bd6 16. Bxf6 Rxf6 17. h5 Bd7 18. hxg6 hxg6 19. Bd3 b5 20. b3 Bf8 21.
cxd5 Nb4 22. Bb1 exd5 23. Ng5 Re8 24. Rxe8 Bxe8 25. Ndf3 Ra6 26. Re1 Bd7 27.
Re2 d4 28. Ne5 Bf5 29. Ne4 Re6 30. f4 Bh6 31. Nxc5 Bxf4+ 32. Kb2 d3 33. Rf2
Bxe5+ 34. Ka3 Nc2+ 0-1

[Event "35. Open Internacional Vila de Sitges"]
[Site "Sitges ESP"]
[Date "2009.07.22"]
[Round "1.7"]
[White "Sarto Ramos, Angel"]
[Black "Barsov, Alexei"]
[Result "0-1"]
[WhiteElo "2003"]
[BlackElo "2511"]
[PlyCount "70"]
[EventDate "2009.07.22"]
[EventType "swiss"]
[EventRounds "9"]
[EventCountry "ESP"]
[Source "lmi"]
[SourceDate "2009.07.22"]

1. d4 d5 2. Nf3 Nf6 3. e3 g6 4. c4 Bg7 5. Nc3 O-O 6. Bd2 e6 7. Be2 dxc4 8. Bxc4
a6 9. O-O b5 10. Bd3 Bb7 11. Qe2 Nbd7 12. b4 e5 13. Nxe5 Nxe5 14. dxe5 Nd5 15.
Ne4 Bxe5 16. Rac1 Nb6 17. Nc5 Bd5 18. Bc3 Re8 19. Bxe5 Rxe5 20. Rfd1 Qh4 21. f4
Re7 22. g3 Qh3 23. e4 f5 24. e5 g5 25. Qf1 Qxf1+ 26. Bxf1 gxf4 27. gxf4 a5 28.
a3 axb4 29. axb4 Ra2 30. Bh3 Rg7+ 31. Kf1 Nc4 32. Rd3 Rxh2 33. Re1 Nd2+ 34.
Rxd2 Rxd2 35. Ra1 Bc4+ 0-1

[Event "35. Open Internacional Vila de Sitges"]
[Site "Sitges ESP"]
[Date "2009.07.22"]
[Round "1.10"]
[White "Sundararajan, Kidambi"]
[Black "Roure Ripoll, Antoni"]
[Result "1-0"]
[WhiteElo "2506"]
[BlackElo "1965"]
[PlyCount "53"]
[EventDate "2009.07.22"]
[EventType "swiss"]
[EventRounds "9"]
[EventCountry "ESP"]
[Source "lmi"]
[SourceDate "2009.07.22"]

1. d4 Nf6 2. Nf3 d6 3. c4 g6 4. Nc3 Bg7 5. e4 O-O 6. Be2 c5 7. d5 e5 8. Bg5 Qb6
9. Rb1 Bg4 10. O-O Nfd7 11. a3 f5 12. b4 Nf6 13. Nd2 cxb4 14. axb4 Bxe2 15.
Qxe2 f4 16. c5 Qd8 17. Nc4 dxc5 18. bxc5 h6 19. Bxf6 Rxf6 20. Rxb7 f3 21. gxf3
Qc8 22. Rfb1 Qh3 23. Rxb8+ Rxb8 24. Rxb8+ Kh7 25. Nd2 Rf4 26. c6 Rh4 27. Nf1
1-0

[Event "35. Open Internacional Vila de Sitges"]
[Site "Sitges ESP"]
[Date "2009.07.23"]
[Round "2.1"]
[White "Solodovnichenko, Yuri"]
[Black "Heynen, Martin"]
[Result "1-0"]
[WhiteElo "2596"]
[BlackElo "2200"]
[PlyCount "71"]
[EventDate "2009.07.22"]
[EventType "swiss"]
[EventRounds "9"]
[EventCountry "ESP"]
[Source "lmi"]
[SourceDate "2009.07.22"]

1. e4 d6 2. d4 Nf6 3. Nc3 g6 4. Be3 c6 5. h3 Nbd7 6. f4 Bg7 7. Qf3 Qa5 8. O-O-O
e5 9. dxe5 dxe5 10. f5 b5 11. g4 b4 12. Nb1 gxf5 13. gxf5 Ba6 14. Bd3 O-O-O 15.
a3 Bxd3 16. axb4 Qxb4 17. cxd3 Nc5 18. Bxc5 Qxc5+ 19. Nc3 Kc7 20. Rh2 Bh6+ 21.
Kb1 Qe3 22. Qf1 Rhg8 23. Nf3 Bf4 24. Re2 Qb6 25. Rc2 Kb7 26. Ne2 Qe3 27. Nxf4
Qxf4 28. Qe2 Rg3 29. Rf1 Nd7 30. Nd4 Qe3 31. Nxc6 Rc8 32. Na5+ Kb8 33. Rxc8+
Kxc8 34. Qc2+ Qc5 35. Qxc5+ Nxc5 36. Rc1 1-0

[Event "35. Open Internacional Vila de Sitges"]
[Site "Sitges ESP"]
[Date "2009.07.23"]
[Round "2.2"]
[White "Del Valle Cirera, Adria"]
[Black "Moskalenko, Viktor"]
[Result "0-1"]
[WhiteElo "2200"]
[BlackElo "2558"]
[PlyCount "80"]
[EventDate "2009.07.22"]
[EventType "swiss"]
[EventRounds "9"]
[EventCountry "ESP"]
[Source "lmi"]
[SourceDate "2009.07.22"]

1. e4 e6 2. d4 d5 3. Nc3 Bb4 4. Nge2 Nf6 5. Bg5 dxe4 6. a3 Be7 7. Bxf6 gxf6 8.
Nxe4 f5 9. N4c3 b6 10. Ng3 Bb7 11. Bb5+ c6 12. Bc4 Qd6 13. Qd2 Nd7 14. O-O-O
O-O-O 15. Kb1 h5 16. Rhe1 h4 17. Nf1 Nf6 18. Qe2 Rd7 19. f3 Rhd8 20. g3 Qc7 21.
Qf2 Kb8 22. Bb3 c5 23. dxc5 Bxc5 24. Qe2 a6 25. Rxd7 Nxd7 26. Rd1 Bd6 27. g4
fxg4 28. fxg4 Nc5 29. Bc4 b5 30. Bd3 Be5 31. Na2 Nxd3 32. Rxd3 Rxd3 33. Qxd3
Qd6 34. Nc1 Qxd3 35. Nxd3 Bd6 36. Ne1 h3 37. Kc1 Bg2 38. Ne3 Bf4 39. Kd2 Be4
40. Ke2 Bxh2 0-1

[Event "35. Open Internacional Vila de Sitges"]
[Site "Sitges ESP"]
[Date "2009.07.23"]
[Round "2.4"]
[White "Almeida Quintana, Omar"]
[Black "Dischinger, Frank"]
[Result "1-0"]
[WhiteElo "2524"]
[BlackElo "2197"]
[PlyCount "63"]
[EventDate "2009.07.22"]
[EventType "swiss"]
[EventRounds "9"]
[EventCountry "ESP"]
[Source "lmi"]
[SourceDate "2009.07.22"]

1. d4 g6 2. c4 Bg7 3. Nc3 d6 4. e4 Nc6 5. Be3 e5 6. Nge2 f5 7. exf5 gxf5 8. d5
Nce7 9. f4 Nf6 10. g3 Ng6 11. Bg2 Ng4 12. Bc1 h5 13. fxe5 dxe5 14. h3 Nh6 15.
Qa4+ Bd7 16. Qb3 b6 17. Be3 h4 18. O-O-O hxg3 19. Nxg3 Qh4 20. Nge2 f4 21. Be4
Bf5 22. Qb5+ Kf7 23. Bxf5 Nxf5 24. Qd7+ Nge7 25. Bd2 f3 26. Ng1 Nd4 27. Nxf3
Nxf3 28. Rdf1 Qh5 29. Ne4 Rad8 30. Ng5+ Kg6 31. Qe6+ Bf6 32. Qf7+ 1-0

[Event "35. Open Internacional Vila de Sitges"]
[Site "Sitges ESP"]
[Date "2009.07.23"]
[Round "2.5"]
[White "Buxade Roca, Guillermo"]
[Black "Cuartas, Jaime Alexander"]
[Result "0-1"]
[WhiteElo "2191"]
[BlackElo "2521"]
[PlyCount "108"]
[EventDate "2009.07.22"]
[EventType "swiss"]
[EventRounds "9"]
[EventCountry "ESP"]
[Source "lmi"]
[SourceDate "2009.07.22"]

1. e4 c5 2. Nc3 Nc6 3. g3 g6 4. Bg2 Bg7 5. d3 e6 6. Be3 d6 7. Qd2 h5 8. h3 Nge7
9. f4 b6 10. Nf3 d5 11. Nd1 Bb7 12. O-O d4 13. Bf2 Qd7 14. c3 O-O 15. g4 hxg4
16. hxg4 e5 17. f5 f6 18. c4 Kf7 19. g5 gxf5 20. Bh3 Rh8 21. Nh4 fxg5 22. Bxf5
Nxf5 23. Nxf5 Bf6 24. Bg3 Kg6 25. Nf2 Raf8 26. Ng4 Qh7 27. Qg2 Bc8 28. Rf2 Qc7
29. Raf1 Bg7 30. Bh4 Rh5 31. Nxg7 Rxf2 32. Qxf2 Qxg7 33. Qf6+ Kh7 34. Bg3 Bxg4
35. Qxc6 Rh6 36. Qe8 Re6 37. Qf7 Qxf7 38. Rxf7+ Kg6 39. Rf2 a6 40. Kf1 b5 41.
cxb5 axb5 42. Ke1 c4 43. Kd2 Re8 44. a3 Bh3 45. Rh2 Bf1 46. dxc4 bxc4 47. Rf2
Bh3 48. Rh2 Bg4 49. Kc2 Bf3 50. Kd2 Bxe4 51. Re2 Kf5 52. Bh2 Bf3 53. Re1 e4 54.
Bd6 e3+ 0-1

[Event "35. Open Internacional Vila de Sitges"]
[Site "Sitges ESP"]
[Date "2009.07.23"]
[Round "2.6"]
[White "Barsov, Alexei"]
[Black "Escofet Martin, David"]
[Result "1-0"]
[WhiteElo "2511"]
[BlackElo "2181"]
[PlyCount "69"]
[EventDate "2009.07.22"]
[EventType "swiss"]
[EventRounds "9"]
[EventCountry "ESP"]
[Source "lmi"]
[SourceDate "2009.07.22"]

1. d4 Nf6 2. Nf3 e6 3. c4 b6 4. g3 Bb7 5. Bg2 Be7 6. Nc3 Ne4 7. Bd2 Nxc3 8.
Bxc3 d5 9. cxd5 Bxd5 10. Qc2 O-O 11. e4 Bb7 12. O-O-O Na6 13. Ne5 Bb4 14. a3
Bxc3 15. Qxc3 Qe8 16. f4 Rc8 17. Rhe1 Qa4 18. Qc2 Qxc2+ 19. Kxc2 f5 20. b4 c5
21. dxc5 bxc5 22. b5 Nc7 23. a4 Rfd8 24. Nc4 Ne8 25. Bh1 Kf8 26. Na5 Bxe4+ 27.
Bxe4 fxe4 28. Rxd8 Rxd8 29. Nc6 Rd7 30. Rxe4 Nc7 31. Nxa7 Nd5 32. Nc6 Rd6 33.
Kb3 Nf6 34. Re3 Nd5 35. Re5 1-0

[Event "35. Open Internacional Vila de Sitges"]
[Site "Sitges ESP"]
[Date "2009.07.23"]
[Round "2.7"]
[White "De Coninck, Rafael"]
[Black "Gonzalez Garcia, Jose"]
[Result "0-1"]
[WhiteElo "2175"]
[BlackElo "2509"]
[PlyCount "69"]
[EventDate "2009.07.22"]
[EventType "swiss"]
[EventRounds "9"]
[EventCountry "ESP"]
[Source "lmi"]
[SourceDate "2009.07.22"]

1. d4 Nf6 2. Nf3 e6 3. c4 b6 4. e3 Bb7 5. Bd3 d5 6. cxd5 exd5 7. O-O Bd6 8. Nc3
O-O 9. b3 a6 10. Bb2 Nbd7 11. Ne2 Qe7 12. Rc1 Ne4 13. Qc2 Rac8 14. Ng3 f5 15.
Qe2 Ra8 16. Rc2 g6 17. Rfc1 Rfc8 18. b4 c6 19. a3 b5 20. Bxe4 fxe4 21. Nd2 a5
22. bxa5 Rxa5 23. Nb3 Ra4 24. Nc5 Nxc5 25. Rxc5 Rca8 26. Qg4 Bc8 27. Qd1 Bd7
28. Qb3 Rc4 29. R1xc4 bxc4 30. Qc2 Qd8 31. f3 Rb8 32. Bc3 exf3 33. gxf3 Qe7 34.
Qd2 Rb1+ 35. Qd1 0-1

[Event "35. Open Internacional Vila de Sitges"]
[Site "Sitges ESP"]
[Date "2009.07.23"]
[Round "2.8"]
[White "Martinez Duany, Lelys Stanley"]
[Black "Fernandez Fuentes, Fco Javier"]
[Result "1/2-1/2"]
[WhiteElo "2507"]
[BlackElo "2172"]
[PlyCount "104"]
[EventDate "2009.07.22"]
[EventType "swiss"]
[EventRounds "9"]
[EventCountry "ESP"]
[Source "lmi"]
[SourceDate "2009.07.22"]

1. e4 c5 2. Nf3 Nf6 3. e5 Nd5 4. Nc3 e6 5. g3 d6 6. Bg2 Nc6 7. exd6 Bxd6 8. O-O
O-O 9. Nxd5 exd5 10. d4 Bf5 11. Be3 Qb6 12. dxc5 Bxc5 13. Bxc5 Qxc5 14. c3 Be4
15. Qd2 Rad8 16. Rfd1 Rfe8 17. Qf4 Re6 18. Ng5 Rf6 19. Nxe4 dxe4 20. Rxd8+ Nxd8
21. Rd1 Nc6 22. Qe3 Qxe3 23. fxe3 Re6 24. Rd7 b6 25. b4 f5 26. Kf2 Re7 27. Rxe7
Nxe7 28. Ke2 Kf7 29. g4 g6 30. gxf5 gxf5 31. Kd2 Ke6 32. c4 Ke5 33. Bf1 f4 34.
exf4+ Kxf4 35. Be2 Ke5 36. Kc3 Nf5 37. Bh5 Nd4 38. Bf7 Nf3 39. h3 Ng5 40. Bg8
Nxh3 41. Bxh7 Nf2 42. Bg8 e3 43. a3 e2 44. Kd2 Nd3 45. Kxe2 Kd4 46. Kd2 Ne5 47.
Kc2 Nxc4 48. Kb3 b5 49. Be6 a5 50. bxa5 Nxa5+ 51. Kb4 Nc4 52. a4 bxa4 1/2-1/2

[Event "35. Open Internacional Vila de Sitges"]
[Site "Sitges ESP"]
[Date "2009.07.23"]
[Round "2.9"]
[White "Schmidt, Ralf"]
[Black "Sundararajan, Kidambi"]
[Result "1-0"]
[WhiteElo "2171"]
[BlackElo "2506"]
[PlyCount "113"]
[EventDate "2009.07.22"]
[EventType "swiss"]
[EventRounds "9"]
[EventCountry "ESP"]
[Source "lmi"]
[SourceDate "2009.07.22"]

1. f4 d5 2. e3 g6 3. Nf3 Bg7 4. Be2 Nf6 5. O-O O-O 6. Qe1 c5 7. d4 b6 8. c3 Ba6
9. Bxa6 Nxa6 10. Ne5 Nc7 11. Qh4 Ne4 12. Nd2 f6 13. Ng4 Nd6 14. Nf3 Nf7 15. Qg3
Ne8 16. b3 Ned6 17. Bb2 Qd7 18. Rad1 Rad8 19. Nd2 Qf5 20. Rc1 Qd3 21. Qe1 Qa6
22. a4 c4 23. Qe2 Rc8 24. Ra1 Qb7 25. b4 a6 26. Rae1 Qd7 27. Qd1 Ne4 28. Nxe4
dxe4 29. Nf2 Qd5 30. Qc2 Nd6 31. Rd1 Rf7 32. Ba3 b5 33. a5 Rcf8 34. Bc1 g5 35.
g3 Kh8 36. h3 Rg8 37. Kh2 Bf8 38. Rg1 Rfg7 39. g4 e6 40. Rdf1 Be7 41. Rg2 h5
42. Rh1 gxf4 43. exf4 Rh7 44. Kg1 Bd8 45. Be3 Bc7 46. Kf1 Rgg7 47. Qe2 Kg8 48.
Rhg1 hxg4 49. hxg4 Kf8 50. g5 f5 51. Rh1 Ke7 52. Rgh2 Rxh2 53. Rxh2 Nf7 54. Qh5
Kd7 55. g6 Nd6 56. Qh8 Rxg6 57. Qh7+ 1-0

[Event "35. Open Internacional Vila de Sitges"]
[Site "Sitges ESP"]
[Date "2009.07.24"]
[Round "3.1"]
[White "Perez Mitjans, Orelvis"]
[Black "Solodovnichenko, Yuri"]
[Result "0-1"]
[WhiteElo "2404"]
[BlackElo "2596"]
[PlyCount "162"]
[EventDate "2009.07.22"]
[EventType "swiss"]
[EventRounds "9"]
[EventCountry "ESP"]
[Source "lmi"]
[SourceDate "2009.07.22"]

1. e4 c5 2. Nf3 d6 3. d4 Nf6 4. Nc3 cxd4 5. Nxd4 a6 6. Be2 e5 7. Nb3 Be7 8. O-O
Be6 9. f4 Qc7 10. Kh1 Nbd7 11. Be3 b5 12. f5 Bc4 13. a3 Rc8 14. Bd3 d5 15. exd5
Nxd5 16. Nxd5 Bxd5 17. Rf2 Nf6 18. a4 Rd8 19. Nd2 h5 20. h3 Ng4 21. hxg4 hxg4+
22. Kg1 e4 23. Nf1 Bd6 24. Rd2 exd3 25. Qxg4 dxc2 26. Qxg7 Be5 27. f6 Rf8 28.
Bh6 Qc5+ 29. Ne3 c1=Q+ 30. Rxc1 Qxc1+ 31. Rd1 Qc5 32. axb5 axb5 33. Qxf8+ Qxf8
34. Bxf8 Bb3 35. Rxd8+ Kxd8 36. Ba3 Bxf6 37. Kf2 Kc7 38. Nf1 Bd4+ 39. Kg3 Kb6
40. Nd2 Bd5 41. Nf3 Bf6 42. b4 Bc3 43. Kf4 Kc6 44. Ke3 Bc4 45. Nd2 Kd5 46. g4
Bd4+ 47. Kf4 Be5+ 48. Ke3 Bd4+ 49. Kf4 Bd3 50. Nb3 Bc3 51. Ke3 Bc2 52. Na5 Bf6
53. Kf4 Be7 54. g5 Bd6+ 55. Ke3 Be7 56. Kf4 Bd6+ 57. Ke3 Bg6 58. Nb7 Be7 59.
Kf4 Kc4 60. Na5+ Kd3 61. Nc6 Bd6+ 62. Kg4 Kc3 63. Kf3 Bf5 64. Ke3 Bd7 65. Nd4
Be7 66. Nf3 Kb3 67. Bc1 Kxb4 68. Kd4 Kb3 69. Ne5 Be8 70. Kd5 Kc2 71. Bf4 b4 72.
Nf3 Kd3 73. Nd4 Bd7 74. Bc1 b3 75. g6 fxg6 76. Bb2 Ba4 77. Ke5 Bd8 78. Ne6 Bb6
79. Kf6 Kc2 80. Be5 Bd7 81. Nf8 Bf5 0-1

[Event "35. Open Internacional Vila de Sitges"]
[Site "Sitges ESP"]
[Date "2009.07.24"]
[Round "3.2"]
[White "Moskalenko, Viktor"]
[Black "Garcia Castro, Pablo"]
[Result "1/2-1/2"]
[WhiteElo "2558"]
[BlackElo "2390"]
[PlyCount "69"]
[EventDate "2009.07.22"]
[EventType "swiss"]
[EventRounds "9"]
[EventCountry "ESP"]
[Source "lmi"]
[SourceDate "2009.07.22"]

1. d4 d6 2. Nf3 Nf6 3. c4 g6 4. g3 Bg7 5. Bg2 O-O 6. O-O Nc6 7. Nc3 Rb8 8. Nd5
Nd7 9. e4 a6 10. Be3 e6 11. Nc3 Na5 12. b3 b5 13. cxb5 axb5 14. Rc1 b4 15. Na4
Nf6 16. Nd2 Bd7 17. Nb2 Bb5 18. Re1 d5 19. Bf4 Rc8 20. Be5 Bh6 21. Bxf6 Qxf6
22. e5 Qe7 23. Rc5 c6 24. f4 Qa7 25. Nf3 Nb7 26. Rc1 Qxa2 27. Na4 Bxa4 28. bxa4
Na5 29. Ra1 Qb2 30. Rb1 Qc3 31. Rc1 Qa3 32. Ra1 Qc3 33. Rc1 Qa3 34. Ra1 Qc3 35.
Rc1 1/2-1/2

[Event "35. Open Internacional Vila de Sitges"]
[Site "Sitges ESP"]
[Date "2009.07.24"]
[Round "3.5"]
[White "Cuartas, Jaime Alexander"]
[Black "Braun, Christian"]
[Result "1-0"]
[WhiteElo "2521"]
[BlackElo "2345"]
[PlyCount "93"]
[EventDate "2009.07.22"]
[EventType "swiss"]
[EventRounds "9"]
[EventCountry "ESP"]
[Source "lmi"]
[SourceDate "2009.07.22"]

1. e4 e6 2. d4 d5 3. e5 c5 4. c3 Nc6 5. Nf3 Qb6 6. Bd3 Nh6 7. O-O cxd4 8. cxd4
Nf5 9. Bxf5 exf5 10. Nc3 Be6 11. a3 h6 12. b4 Be7 13. Qd3 O-O 14. Na4 Qd8 15.
Bd2 Rc8 16. Rfc1 b6 17. b5 Nb8 18. Rxc8 Qxc8 19. Nb2 a5 20. h4 Qb7 21. g3 Rc8
22. Nd1 Rc4 23. Ne3 Qd7 24. a4 Rc8 25. Ng2 Qc7 26. Nf4 Qc2 27. Qxc2 Rxc2 28.
Rc1 Rxc1+ 29. Bxc1 Nd7 30. Kf1 Nf8 31. Ke2 Kh7 32. Bd2 Nd7 33. Nd3 Bd8 34. Nfe1
g5 35. hxg5 hxg5 36. f4 g4 37. Nc2 Be7 38. Nf2 f6 39. Nd1 Kg6 40. Nce3 fxe5 41.
fxe5 Bg5 42. Ng2 Nf8 43. Bxg5 Kxg5 44. Nf4 Bf7 45. Ke3 Ng6 46. e6 Be8 47. Nxd5
1-0

[Event "35. Open Internacional Vila de Sitges"]
[Site "Sitges ESP"]
[Date "2009.07.24"]
[Round "3.6"]
[White "Fernandez Aguado, Enrique"]
[Black "Barsov, Alexei"]
[Result "1-0"]
[WhiteElo "2340"]
[BlackElo "2511"]
[PlyCount "85"]
[EventDate "2009.07.22"]
[EventType "swiss"]
[EventRounds "9"]
[EventCountry "ESP"]
[Source "lmi"]
[SourceDate "2009.07.22"]

1. d4 d5 2. c4 e6 3. Nc3 Bb4 4. Nf3 Nf6 5. e3 c5 6. Bd3 O-O 7. O-O cxd4 8. exd4
dxc4 9. Bxc4 b6 10. Ne5 Bb7 11. Bg5 Nc6 12. Bxf6 Qxf6 13. Nd7 Qh4 14. Nxf8 Bxf8
15. Re1 Rd8 16. Re4 Qf6 17. d5 Nb4 18. Re2 exd5 19. Bd3 g6 20. a3 Nc6 21. Qe1
Nd4 22. Re3 Ne6 23. Rf3 Qg7 24. Rd1 d4 25. Ne4 f5 26. Nd2 Nc5 27. Bc4+ Kh8 28.
Rh3 g5 29. b4 Ne4 30. Nb3 Be7 31. Rhd3 Bf6 32. f3 Nd6 33. Nxd4 Re8 34. Ne6 Nxc4
35. Nxg7 Rxe1+ 36. Rxe1 Kxg7 37. Rd7+ Kg6 38. Rxb7 Nxa3 39. Rxa7 Nc2 40. Re6
Nxb4 41. Rxb6 Nd5 42. Rd6 Nb4 43. Ra4 1-0

[Event "35. Open Internacional Vila de Sitges"]
[Site "Sitges ESP"]
[Date "2009.07.24"]
[Round "3.7"]
[White "Gonzalez Garcia, Jose"]
[Black "Mestre Bellido, Hector"]
[Result "1-0"]
[WhiteElo "2509"]
[BlackElo "2292"]
[PlyCount "91"]
[EventDate "2009.07.22"]
[EventType "swiss"]
[EventRounds "9"]
[EventCountry "ESP"]
[Source "lmi"]
[SourceDate "2009.07.22"]

1. d4 d5 2. c4 c6 3. Nf3 Nf6 4. Nc3 dxc4 5. a4 Bf5 6. e3 e6 7. Bxc4 Bb4 8. O-O
O-O 9. Nh4 Bg4 10. f3 Bh5 11. g4 Nd5 12. Ng2 Bg6 13. Na2 Bd6 14. e4 Nb6 15. Bb3
c5 16. a5 Nc8 17. d5 Qxa5 18. dxe6 Qc7 19. exf7+ Kh8 20. Nh4 Ne7 21. f4 Bxe4
22. Nc3 Bc6 23. Qd3 c4 24. Bxc4 Qd7 25. Qe2 Bc5+ 26. Be3 Bxe3+ 27. Qxe3 Qxg4+
28. Qg3 Qh5 29. f5 Nd7 30. Rae1 Nb6 31. Rxe7 Nxc4 32. Rf4 Nd2 33. Kf2 Rxf7 34.
Ng6+ Kg8 35. Rxf7 Kxf7 36. Ne5+ Kg8 37. f6 g6 38. Qe3 Nb3 39. h4 Rf8 40. Nxc6
bxc6 41. Qe6+ Kh8 42. Qxb3 Qc5+ 43. Kg2 Qe3 44. Qb4 Rd8 45. Rf2 g5 46. Qe7 1-0

[Event "35. Open Internacional Vila de Sitges"]
[Site "Sitges ESP"]
[Date "2009.07.24"]
[Round "3.8"]
[White "Douriet Duany, Alexis"]
[Black "Oms Pallisse, Josep"]
[Result "0-1"]
[WhiteElo "2306"]
[BlackElo "2495"]
[PlyCount "74"]
[EventDate "2009.07.22"]
[EventType "swiss"]
[EventRounds "9"]
[EventCountry "ESP"]
[Source "lmi"]
[SourceDate "2009.07.22"]

1. d4 Nf6 2. Nf3 e6 3. g3 b5 4. Bg2 d5 5. O-O Nbd7 6. Qd3 c6 7. Bg5 Be7 8. Nbd2
a5 9. Bxf6 Bxf6 10. e4 Ba6 11. Rfe1 O-O 12. Rad1 b4 13. Qe3 Qb6 14. h4 Rad8 15.
Nf1 dxe4 16. Qxe4 c5 17. Ng5 g6 18. c3 cxd4 19. cxd4 Bg7 20. Ne3 h6 21. Nh3 Nf6
22. Qc6 Qxc6 23. Bxc6 Rd6 24. Rc1 Rxd4 25. Rc5 Rc8 26. Rec1 Bf8 27. R5c2 Bd3
28. Rd2 e5 29. Rdd1 Kg7 30. f3 Be2 31. Re1 Rd2 32. g4 Rxb2 33. g5 hxg5 34. hxg5
Nh5 35. Ng4 Rxc6 36. Rxc6 Bxf3 37. Nxe5 Rg2+ 0-1

[Event "35. Open Internacional Vila de Sitges"]
[Site "Sitges ESP"]
[Date "2009.07.24"]
[Round "3.10"]
[White "Anton Guijarro, David"]
[Black "Karlsson, Lars"]
[Result "0-1"]
[WhiteElo "2265"]
[BlackElo "2468"]
[PlyCount "102"]
[EventDate "2009.07.22"]
[EventType "swiss"]
[EventRounds "9"]
[EventCountry "ESP"]
[Source "lmi"]
[SourceDate "2009.07.22"]

1. d4 f5 2. e4 fxe4 3. Nc3 Nf6 4. Bg5 c6 5. f3 Qa5 6. Qd2 e5 7. Bxf6 gxf6 8.
O-O-O h5 9. Kb1 exd4 10. Qxd4 Qe5 11. Nxe4 Qxd4 12. Rxd4 d5 13. Nc3 h4 14. Nge2
Bd6 15. Rd1 Nd7 16. Nd4 Ne5 17. Be2 Kf7 18. g3 Bd7 19. Nb3 Rae8 20. Rde1 Reg8
21. f4 Ng4 22. Bf3 Rg7 23. Nd1 f5 24. Bxg4 Rxg4 25. Ne3 Rg7 26. Nd4 Kf6 27. c3
Re8 28. Rhg1 Rge7 29. Nec2 hxg3 30. hxg3 Rxe1+ 31. Rxe1 Rg8 32. Ne2 c5 33. Rh1
Bb5 34. Rh6+ Rg6 35. Rxg6+ Kxg6 36. Nc1 Kf6 37. b4 b6 38. Kb2 a5 39. bxa5 bxa5
40. Nb3 a4 41. Nd2 Be2 42. Ka3 d4 43. cxd4 cxd4+ 44. Kxa4 Bd1 45. Kb5 Bxc2 46.
a4 Bd3+ 47. Kc6 Bb4 48. Nb3 Bc3 49. Kc5 Bc2 50. Nxd4 Bxd4+ 51. Kxd4 Bxa4 0-1

[Event "35. Open Internacional Vila de Sitges"]
[Site "Sitges ESP"]
[Date "2009.07.25"]
[Round "4.1"]
[White "Solodovnichenko, Yuri"]
[Black "Bacallao Alonso, Yusnel"]
[Result "1-0"]
[WhiteElo "2596"]
[BlackElo "2467"]
[PlyCount "57"]
[EventDate "2009.07.22"]
[EventType "swiss"]
[EventRounds "9"]
[EventCountry "ESP"]
[Source "lmi"]
[SourceDate "2009.07.22"]

1. e4 c6 2. d4 d5 3. exd5 cxd5 4. c4 Nf6 5. Nc3 Nc6 6. Bg5 Be6 7. a3 g6 8. Bxf6
exf6 9. c5 Bg7 10. Bb5 O-O 11. Nge2 f5 12. Qd3 Qf6 13. Rd1 f4 14. Qf3 g5 15. h3
Ne7 16. Bd3 Ng6 17. Nxd5 Qd8 18. Bxg6 fxg6 19. Ndc3 h5 20. Qd3 f3 21. gxf3 b5
22. Qxg6 Bf7 23. Qc2 Qf6 24. Ne4 Qf5 25. Rg1 Rae8 26. Rd3 Qxh3 27. Re3 Bg6 28.
Rxg5 Rxf3 29. Qb3+ 1-0